| 000 | 00811nmc a2200301 a 4500 | ||
|---|---|---|---|
| 003 | AR-BaBNM | ||
| 005 | 20251128204730.0 | ||
| 008 | 011101s1994 ||||||||||||||000 | spa|| | ||
| 020 | _a950-12-6107-7 | ||
| 040 | _cAR-BaBNM | ||
| 100 | 1 | _aCarozzi de Rojo, Mónica | |
| 245 | 1 | 0 |
_aPara escribirte mejor _btextos, pretextos y contextos |
| 250 | _a1ª ed. | ||
| 260 |
_aBuenos Aires _bPaidós _c1994 |
||
| 300 |
_a190 p. _bil. |
||
| 490 | 0 |
_aCuestiones de educación _vv.7 |
|
| 504 | _aBibliografía: p.189-190 | ||
| 650 | 4 | _aENSENANZA DE LA ESCRITURA | |
| 650 | 4 | _aREDACCION | |
| 650 | 4 | _aDIDACTICA | |
| 650 | 4 | _aENSENANZA DE LA ORTOGRAFIA | |
| 650 | 4 | _aPUBLICIDAD | |
| 653 | _aEXPRESION ESCRITA | ||
| 653 | _aCOMPRENSION LECTORA | ||
| 700 | 1 | _aSomoza, Patricia | |
| 942 | _cBK | ||
| 998 | _cSOLE | ||
| 999 |
_c8603 _d8603 |
||